Podnikanie a inovácie podnikateľských aktivít [1. ročník medzinárodného vedeckého seminára organizovaného Vysokou školou medzinárodného podnikania v Prešove] : Prešov 2006
Saved in:
| Corporate Authors: | , |
|---|---|
| Other Authors: | , , , |
| Format: | Book |
| Language: | Slovak |
| Published: |
Prešov
Vydavateľstvo Michala Vaška
2006
|
| Subjects: | |
| Tags: |
No Tags, Be the first to tag this record!
|
MARC
| LEADER | 00000nam a2200000 4500 | ||
|---|---|---|---|
| 001 | 0148739 | ||
| 005 | 20240318115239.4 | ||
| 020 | |a 80-7165-593-7 | ||
| 041 | 0 | |a slo | |
| 044 | |a SK | ||
| 245 | 1 | 0 | |a Podnikanie a inovácie podnikateľských aktivít |b [1. ročník medzinárodného vedeckého seminára organizovaného Vysokou školou medzinárodného podnikania v Prešove] : Prešov 2006 |c Alena Daňková (ed.) |
| 264 | 1 | |a Prešov |b Vydavateľstvo Michala Vaška |c 2006 | |
| 300 | |a 141 s. | ||
| 610 | 2 | 0 | |a podnikanie |
| 610 | 2 | 0 | |a stratégia podnikateľská |
| 610 | 2 | 0 | |a stratégia podniková |
| 700 | 1 | |a Daňková, Alena | |
| 700 | 1 | |a Čepelová, Anna | |
| 700 | 1 | |a Poprenda, Ján | |
| 700 | 1 | |a Stašková, Jaroslava | |
| 110 | 2 | |a Podnikanie a inovácie podnikateľských aktivít. Vedecký seminár | |
| 710 | 2 | |a Vysoká škola medzinárodného podnikania ISM Slovakia v Prešove | |